Dilema medzi vedou a ľudskosťou

Bibliographic Details
Main Author: Olejárová, Andrea, 1994- (Author)
Format: Article
Language:Slovak
PhysicalDescription:Fotografia
ISSN:1210-1982
Subjects:

MARC

LEADER 00000nab a2200000u 4500
001 vtls012267487
003 SK-MaSNL
005 20260304013257.0
008 241126|2024 xo ||||||| || ||slo|
038 |a KEVKJB 
040 |a KEVKJB  |b slo  |c KEVKJB  |e rda 
041 0 |a slo 
043 |a e-xo--- 
044 |a xo  |c SK 
072 7 |a 82-1/-8  |x Literatúra rôznych foriem a žánrov (o nej)  |2 konspekt 
080 |a 82-311.9  |2 2011 
100 1 |a Olejárová, Andrea,  |d 1994-  |4 aut  |9 674045 
245 1 0 |a Dilema medzi vedou a ľudskosťou  |c Andrea Olejárová 
300 |b Fotografia 
336 |a text  |b txt  |2 rdacontent 
337 |a bez média  |b n  |2 rdamedia 
338 |a zväzok  |b nc  |2 rdacarrier 
650 0 7 |a vedecko-fantastická literatúra  |2 SNKPH  |9 31823 
651 7 |a Košice (Slovensko)  |2 kevkjb  |9 18694 
655 7 |a recenzie  |2 SNKPH  |9 21907 
773 0 |t Knižná revue  |g Roč. XXXIV., č. 10 (2024), s. 24  |x 1210-1982 
787 0 8 |i Recenzia:  |a Oravský, Roland  |t Elpis  |d Žilina : Artis Omnis, 2024  |z 9788082012289 
852 |a KEVKJB  |b KIS3GCP 
958 |a RC 
999 |c 2575157  |d 2577087